[Event "1. liga V 24/25, Grygov-Duras"]
[Site ""]
[Date "2024.12.08"]
[Round "4.6"]
[White "Vadila, Ondrej"]
[Black "Vanek, Ladislav"]
[Result "1/2-1/2"]
[WhiteFideId "14944642"]
[BlackFideId "324647"]
[WhiteElo "2199"]
[BlackElo "2151"]
[PlyCount "0"]
[WhiteTeam "Duras Charlie's Street Brno"]
[BlackTeam "A64 PROCLIENT Grygov"]
[EventDate "2024.10.20"]

1. e4 e6 2. d3 d5 3. Nd2 Nf6 4. Ngf3 Be7 5. g3 a5 6. Bg2 a4 7. a3 c5 8. O-O
Nc6 9. Re1 O-O 10. e5 Nd7 11. Nf1 f6 12. exf6 Bxf6 13. Bh3 Nde5 14. Nxe5 Bxe5
15. c3 Qf6 16. Qe2 Qf3 17. Qxf3 Rxf3 18. Bg4 Rf6 19. Bg5 Rf7 20. f4 h6 21.
Bxh6 gxh6 22. fxe5 Rg7 23. Bh3 Rg5 24. Nd2 Rxe5 25. Nf3 Rxe1+ 26. Rxe1 Kf7 27.
Rf1 Kg7 28. Re1 Kf6 29. d4 cxd4 30. cxd4 Ra6 31. Re2 Rb6 32. Bg2 Rb3 33. Rd2
Bd7 34. g4 Be8 35. Rf2 Ke7 36. Rd2 Kd6 37. Kf2 Bg6 38. h4 Be4 39. h5 Ke7 40.
Ne5 Nxe5 41. dxe5 Bxg2 42. Kxg2 Re3 43. Rd4 Rxe5 44. Rb4 Re3 45. Rxb7+ Kf6 46.
Kf2 Rh3 47. Kg2 Rd3 48. Rh7 Kg5 49. Rg7+ Kf4 50. Rg6 e5 51. Rxh6 Kxg4 52. Re6
Rd2+ 53. Kg1 Kf5 54. Rb6 Rd4 55. Rb4 Rd1+ 56. Kf2 d4 57. b3 axb3 58. Rxb3 Rh1
59. a4 Rxh5 60. Ra3 Rh6 61. a5 Ra6 62. Kf3 e4+ 63. Ke2 Ke5 64. Kd2 Kd5 65. Ra4
Kc5 66. Ke2 d3+ 67. Ke3 Rd6 68. Ra1 d2 69. Rd1 Kb4 70. Rxd2 Rxd2 71. Kxd2 Kxa5
72. Ke3 Kb4 73. Kxe4 1/2-1/2

[Event "1. liga V 24/25, Grygov-Duras"]
[Site ""]
[Date "2024.12.08"]
[Round "4.7"]
[White "Sabol, Marian"]
[Black "Glozar, Petr"]
[Result "1/2-1/2"]
[WhiteFideId "308056"]
[BlackFideId "374504"]
[WhiteElo "2221"]
[BlackElo "2153"]
[PlyCount "0"]
[WhiteTeam "A64 PROCLIENT Grygov"]
[BlackTeam "Duras Charlie's Street Brno"]
[EventDate "2024.10.20"]

1. d4 Nf6 2. Bg5 e6 3. e4 Be7 4. e5 Nd5 5. Bxe7 Qxe7 6.
c4 Nb6 7. Nc3 d6 8. Qg4 f5 9. exf6 Qxf6 10. c5 O-O 11. Nf3 Nd5 12. cxd6 cxd6
13. Bc4 Nxc3 14. bxc3 Kh8 15. Qg3 Qe7 16. O-O Nd7 17. Rae1 Nf6 18. Qg5 b5 19.
Qxb5 Bd7 20. Qg5 Rac8 21. Bb3 Rxc3 22. Rc1 Rxc1 23. Rxc1 Rc8 24. Re1 Re8 25.
Qa5 Bc8 26. h3 d5 27. Rc1 Nh5 28. Qc5 Qxc5 29. Rxc5 Nf4 30. Rc7 a6 31. g3
Nxh3+ 32. Kg2 e5 33. Rxc8 Rxc8 34. Kxh3 exd4 35. Nxd4 Rc3 36. Kg2 Rd3 37. Nc6
Rd2 38. Kf1 d4 39. Ke1 Rb2 40. Nxd4 a5 41. a4 h5 42. Bd1 Rb1 43. Kd2 Rb2+ 44.
Ke3 g6 45. Nc6 Rb1 46. Be2 Rc1 47. Bb5 g5 48. Kf3 Rg1 49. Nd4 h4 50. Kg4 Rg2
51. Nf3 Rxf2 52. Nxg5 hxg3 53. Kxg3 Rd2 54. Kf4 Rd5 55. Ne6 Kg8 56. Ke4 Rd1
57. Nd4 Kf8 58. Kd5 Ke7 59. Kc5 Kd8 60. Nc6+ Kc7 61. Nxa5 Rg1 62. Nc4 Rg5+ 63.
Kb4 Kb8 64. Nd6 Ka7 65. Bc4 Kb6 66. Nb5 Ka6 67. a5 Rh5 68. Nc7+ Ka7 69. Nd5
Rg5 70. Kc5 Kb7 71. Bb5 Rh5 72. Bc4 Rg5 1/2-1/2

[Event "1. liga V 24/25, Grygov-Duras"]
[Site ""]
[Date "2024.12.08"]
[Round "4.8"]
[White "Tajovsky, Matej"]
[Black "Zvolanek, Libor"]
[Result "0-1"]
[WhiteFideId "384780"]
[BlackFideId "303496"]
[WhiteElo "2073"]
[BlackElo "2137"]
[PlyCount "0"]
[WhiteTeam "Duras Charlie's Street Brno"]
[BlackTeam "A64 PROCLIENT Grygov"]
[EventDate "2024.10.20"]

1. e4 Nf6 2. Nc3 d5 3. e5 Nfd7 4. d4 c5 5. dxc5 e6 6. Nf3 Nc6 7. Bb5 Bxc5 8.
O-O O-O 9. Bxc6 bxc6 10. Re1 f6 11. Be3 Bxe3 12. Rxe3 fxe5 13. Nxe5 Nxe5 14.
Rxe5 Rxf2 15. Kxf2 Qf6+ 16. Qf3 Qxe5 17. g3 Ba6 18. Re1 Qd4+ 19. Qe3 Rf8+ 20.
Kg2 Bf1+ 21. Kg1 Qxe3+ 22. Rxe3 d4 0-1

[Event "1. liga V 24/25, Hostalkova-SM"]
[Site ""]
[Date "2024.12.08"]
[Round "4.1"]
[White "Slovak, Kilian"]
[Black "Svanda, Ondrej"]
[Result "0-1"]
[WhiteFideId "365440"]
[BlackFideId "359670"]
[WhiteElo "2297"]
[BlackElo "2379"]
[PlyCount "0"]
[WhiteTeam "Sachy Hostalkova"]
[BlackTeam "SK Stare Mesto"]
[EventDate "2024.10.20"]

1. e4 c5 2. Nf3 d6 3. d4 cxd4 4. Nxd4 Nf6 5. Nc3 Nc6 6. Bg5 e6 7. Qd2 a6 8.
O-O-O Bd7 9. f4 Be7 10. Nf3 b5 11. Bxf6 gxf6 12. f5 Qb6 13. Kb1 O-O-O 14. g3
Kb8 15. Bh3 b4 16. Ne2 e5 17. Nc1 Na5 18. Nd3 d5 19. exd5 Bc8 20. Qe2 Bb7 21.
Bg2 Nc4 22. Rhe1 Rc8 23. Nd2 Nd6 24. g4 Nb5 25. Nb3 a5 26. d6 Bxd6 27. Bxb7
Kxb7 28. Qe4+ Ka6 29. Nd2 Nd4 30. Rc1 Rc6 31. Nf3 Nb5 32. g5 Rb8 33. Ka1 Rbc8
34. gxf6 Rc4 35. Qd5 a4 36. Ndxe5 Rxc2 37. Rxc2 Rxc2 38. Nc4 Qc5 39. Qxc5 Bxc5
40. Nfd2 b3 41. axb3 axb3 42. Kb1 Bb4 43. Rd1 Kb7 44. Ka1 Nd4 45. Ne5 Bxd2 46.
Nxf7 Kc7 47. Kb1 Nxf5 48. Ne5 Ne3 49. Rg1 Nc4 50. Nd3 Kd6 51. Rf1 Bh6 52. f7
Nd2+ 0-1

[Event "1. liga V 24/25, Hostalkova-SM"]
[Site ""]
[Date "2024.12.08"]
[Round "4.2"]
[White "Babula, Vlastimil"]
[Black "Gnida, Patrik"]
[Result "1-0"]
[WhiteFideId "391930"]
[BlackFideId "351660"]
[WhiteElo "2321"]
[BlackElo "2236"]
[PlyCount "0"]
[WhiteTeam "SK Stare Mesto"]
[BlackTeam "Sachy Hostalkova"]
[EventDate "2024.10.20"]

1. e4 e5 2. Nf3 Nc6 3. d4 exd4 4. Nxd4 d6 5. Nxc6 bxc6 6. c4 g6 7. g3 Bg7 8.
Bg2 Ne7 9. O-O Be6 10. Qc2 Qd7 11. Rd1 h5 12. c5 h4 13. cxd6 cxd6 14. Bf4 hxg3
15. fxg3 d5 16. Nc3 O-O 17. Qf2 Rfe8 18. Rac1 Qb7 19. b3 Rad8 20. Be3 Bg4 21.
Rd2 dxe4 22. Rxd8 Rxd8 23. Nxe4 Nf5 24. Bxa7 Nd4 25. Nf6+ Kh8 26. Bxd4 Qe7 27.
Bb2 Bf5 28. Re1 Qb4 29. g4 Be6 30. Qh4+ Bh6 31. Qxh6# 1-0

[Event "1. liga V 24/25, Hostalkova-SM"]
[Site ""]
[Date "2024.12.08"]
[Round "4.3"]
[White "Warchol, Kamil"]
[Black "Delgerdalai, Bayarjavkhlan"]
[Result "0-1"]
[WhiteFideId "21858241"]
[BlackFideId "23727276"]
[WhiteElo "2083"]
[BlackElo "2344"]
[PlyCount "0"]
[WhiteTeam "Sachy Hostalkova"]
[BlackTeam "SK Stare Mesto"]
[EventDate "2024.10.20"]

1. e4 c5 2. Nf3 e6 3. d4 cxd4 4. Nxd4 Nc6 5. Nc3 Nf6 6. Bf4 Bb4 7. Nb5 O-O 8.
a3 Bxc3+ 9. Nxc3 d5 10. exd5 exd5 11. Bd3 Re8+ 12. Ne2 Nh5 13. Bg3 Qb6 14. Rb1
Nd4 15. O-O Bg4 16. Re1 Nxg3 17. hxg3 Qh6 18. f4 Qb6 19. Kf1 Nf3 20. gxf3 Bh3#
0-1

[Event "1. liga V 24/25, Hostalkova-SM"]
[Site ""]
[Date "2024.12.08"]
[Round "4.4"]
[White "Kubiczek, Michal"]
[Black "Bohacek, Jan Andrej"]
[Result "1-0"]
[WhiteFideId "23706996"]
[BlackFideId "23727357"]
[WhiteElo "2059"]
[BlackElo "2146"]
[PlyCount "0"]
[WhiteTeam "SK Stare Mesto"]
[BlackTeam "Sachy Hostalkova"]
[EventDate "2024.10.20"]

1. d4 d5 2. c4 c6 3. Nf3 Nf6 4. g3 Bf5 5. Nc3 e6 6. Nh4 Be4 7. f3 Bg6 8. Qb3
Qd7 9. Nxg6 hxg6 10. Bg2 dxc4 11. Qxc4 b5 12. Qd3 Na6 13. Be3 Be7 14. O-O O-O
15. Rfd1 Rfd8 16. Bf2 Rab8 17. Ne4 Qe8 18. Nxf6+ gxf6 19. Qc3 Bb4 20. Qc2 Rbc8
21. a3 Bf8 22. f4 f5 23. Be1 Bg7 24. e3 c5 25. Bb7 cxd4 26. Bxc8 Rxc8 27. Qe2
Nc5 28. Rac1 dxe3 29. Qxe3 Ne4 30. Rxc8 Qxc8 31. Rc1 Qd7 32. Bc3 Nxc3 33. bxc3
Qd5 34. Rf1 Bf8 35. Qf3 Bc5+ 36. Kg2 Qd2+ 37. Kh3 Bxa3 38. Rd1 Qc2 39. Rd8+
Kg7 40. Qe3 Be7 41. Rd7 Qb1 42. Rxe7 Qf1+ 43. Kh4 Qd1 44. Qd4+ 1-0

[Event "1. liga V 24/25, Hostalkova-SM"]
[Site ""]
[Date "2024.12.08"]
[Round "4.5"]
[White "Krejca, Jakub"]
[Black "Worek, Joanna"]
[Result "1-0"]
[WhiteFideId "365777"]
[BlackFideId "1118080"]
[WhiteElo "2082"]
[BlackElo "2229"]
[PlyCount "0"]
[WhiteTeam "Sachy Hostalkova"]
[BlackTeam "SK Stare Mesto"]
[EventDate "2024.10.20"]

1. e4 c5 2. Nf3 Nc6 3. d4 cxd4 4. Nxd4 Nf6 5. Nc3 d6 6. f3 e5 7. Nb3 Be6 8.
Be3 Be7 9. Qd2 O-O 10. O-O-O a5 11. a4 Nb4 12. g4 Rc8 13. g5 Nh5 14. Kb1 g6
15. Rg1 Qc7 16. Bd3 Nxd3 17. Qxd3 Bc4 18. Qd2 Rfe8 19. Rg2 Bf8 20. Nd5 Bxd5
21. Qxd5 b6 22. Qb5 Rb8 23. Rd3 Rec8 24. Nc1 Nf4 25. Bxf4 exf4 26. Rc3 Qd8 27.
Rxc8 Rxc8 28. Nd3 Bg7 29. h4 Be5 30. Rd2 Bd4 31. Rh2 Bg1 32. Rg2 Be3 33. Rg4
Qc7 34. c3 Kg7 35. Nxf4 Bxf4 36. Rxf4 d5 37. Rf6 dxe4 38. fxe4 Qe7 39. Qd5 h6
40. Qd4 Kh7 41. e5 Rc5 42. e6 fxe6 43. Qe4 Rf5 44. Rxe6 Rf1+ 45. Ka2 Qf7 46.
c4 Rf4 47. Qe5 Rf5 48. Qd6 Qg7 49. h5 hxg5 50. hxg6+ Kg8 51. Re8+ 1-0

[Event "1. liga V 24/25, Hostalkova-SM"]
[Site ""]
[Date "2024.12.08"]
[Round "4.6"]
[White "Babula, Matej"]
[Black "Zelenka, Milan"]
[Result "1-0"]
[WhiteFideId "398322"]
[BlackFideId "312339"]
[WhiteElo "2127"]
[BlackElo "1961"]
[PlyCount "0"]
[WhiteTeam "SK Stare Mesto"]
[BlackTeam "Sachy Hostalkova"]
[EventDate "2024.10.20"]

1. e4 e6 2. d4 d5 3. e5 c5 4. c3 Nc6 5. Nf3 Nge7 6. Bd3 Nf5 7. h4 h5 8. Bxf5
exf5 9. O-O Be6 10. Be3 Be7 11. g3 Qb6 12. b3 O-O-O 13. a3 cxd4 14. cxd4 Na5
15. Nbd2 Kb8 16. b4 Nc6 17. Nb3 Rc8 18. Nc5 Bxc5 19. dxc5 Qb5 20. Rb1 Qc4 21.
b5 Na5 22. Rb4 Qa2 23. Ra4 Nc4 24. Bd4 g5 25. Re1 Nxa3 26. Qd3 Qc2 27. Qxa3
Kc7 28. Rxa7 Rb8 29. c6 1-0

[Event "1. liga V 24/25, Hostalkova-SM"]
[Site ""]
[Date "2024.12.08"]
[Round "4.7"]
[White "Vraj, Karel"]
[Black "Vrana, Frantisek"]
[Result "1/2-1/2"]
[WhiteFideId "366056"]
[BlackFideId "302066"]
[WhiteElo "1993"]
[BlackElo "2112"]
[PlyCount "0"]
[WhiteTeam "Sachy Hostalkova"]
[BlackTeam "SK Stare Mesto"]
[EventDate "2024.10.20"]

1. e4 e6 2. Nc3 d5 3. d3 Nf6 4. g3 dxe4 5. Nxe4 Nxe4 6. dxe4 Qxd1+ 7. Kxd1 Bc5
8. Ke1 Nc6 9. c3 Bd7 10. a4 a5 11. Nf3 O-O-O 12. Bb5 e5 13. Ke2 f6 14. Be3
Bxe3 15. Kxe3 Ne7 16. Bxd7+ Rxd7 17. Rhd1 Rhd8 18. Ke2 1/2-1/2

[Event "1. liga V 24/25, Hostalkova-SM"]
[Site ""]
[Date "2024.12.08"]
[Round "4.8"]
[White "Stuchly, Ondrej"]
[Black "Kafka, Ales"]
[Result "0-1"]
[WhiteFideId "350664"]
[BlackFideId "23750235"]
[WhiteElo "2108"]
[BlackElo "1688"]
[PlyCount "0"]
[WhiteTeam "SK Stare Mesto"]
[BlackTeam "Sachy Hostalkova"]
[EventDate "2024.10.20"]

1. d4 Nf6 2. Nf3 d5 3. Bf4 e6 4. e3 c5 5. Nc3 a6 6. Bd3 c4 7. Be2 Bb4 8. Nd2
Bxc3 9. bxc3 O-O 10. Bg5 Qa5 11. Bxf6 gxf6 12. h4 Kh8 13. Rh3 Rg8 14. Bh5 Rg7
15. e4 Nc6 16. Qf3 e5 17. exd5 Bxh3 18. gxh3 Nxd4 19. cxd4 exd4 20. Qxf6 Qxd5
21. Bf3 Qe6+ 22. Qxe6 fxe6 23. Ke2 Rc8 24. a4 Rc5 25. Ne4 Re5 26. Kd2 Rf7 27.
Bg2 Rf4 28. Re1 b5 29. axb5 axb5 30. Re2 b4 31. Nd6 Rxe2+ 32. Kxe2 d3+ 33.
cxd3 c3 34. Ne4 Rxh4 35. Kd1 Rh5 36. Kc2 Ra5 0-1

[Event "1. liga V 24/25, SM-Chotebor"]
[Site ""]
[Date "2025.01.05"]
[Round "5.1"]
[White "Svanda, Ondrej"]
[Black "Vesely, Vitek"]
[Result "1-0"]
[WhiteFideId "359670"]
[BlackFideId "348880"]
[WhiteElo "2379"]
[BlackElo "2191"]
[PlyCount "0"]
[WhiteTeam "SK Stare Mesto"]
[BlackTeam "TJ CHS Chotebor"]
[EventDate "2024.10.20"]

1. e4 c5 2. Nf3 d6 3. d4 cxd4 4. Nxd4 Nf6 5. Nc3 a6 6. Be3 e6 7. a3 b5 8. g4 Bb7
9. Bg2 d5 10. e5 Ne4 11. Nxe4 dxe4 12. Qe2 Nd7 13. Bf4 Nc5 14. Nb3 Nxb3 15. cxb3
Qd5 16. O-O Bc5 17. Rac1 Bb6 18. b4 O-O 19. Rfd1 Qa2 20. Rd6 Ba7 21. Rcd1 Bd5 
22. Bxe4 Bxe4 23. Qxe4 h6 24. R1d2 g5 25. Bg3 Rac8 26. Rxa6 Rc1+ 27. Kg2 Bb8 
28. Rc6 Rb1 29. Qc2 Qa1 30. Rc8 Rg1+ 31. Kf3 Ba7 32. Rxf8+ Kxf8 33. Rd8+ Kg7 
34. Qc8 Rxg3+ 35. hxg3 Qh1+ 36. Ke2 Qe4+ 37. Kd2 Be3+ 38. fxe3 Qg2+ 39. Kc3
1-0

[Event "1. liga V 24/25, SM-Chotebor"]
[Site ""]
[Date "2025.01.05"]
[Round "5.2"]
[White "Jun, Rudolf"]
[Black "Babula, Vlastimil"]
[Result "1/2-1/2"]
[WhiteFideId "376612"]
[BlackFideId "391930"]
[WhiteElo "2219"]
[BlackElo "2322"]
[PlyCount "0"]
[WhiteTeam "TJ CHS Chotebor"]
[BlackTeam "SK Stare Mesto"]
[EventDate "2024.10.20"]

1.e4 c5 2.Ne2 Nc6 3.c4 g6 4.d4 Bg7 5.d5 Nd4 6.Nxd4 Bxd4 7.Nc3 d6 8.Bd3 Bxc3+
9.bxc3 e5 10.dxe6 Bxe6 11.f4 f6 12.Rb1 Qc7 13.O-O O-O-O 14.Qf3 Bd7 15.e5 Bc6
16.Be4 Bxe4 17.Qxe4 f5 18.Qf3 Ne7 19.Re1 Nc6 20.Be3 dxe5 21.Bxc5 e4 22.Qf2 Kb8
23.Red1 Rxd1+ 24.Rxd1 Rd8 25.Rd5 b6 26.Ba3 Kc8 27.Qd2 Na5 28.Qd4 Rxd5 29.cxd5
Qc4 30.Qe5 Qd3 31.h3 e3 32.d6 Kb7 33.Qe7+ Ka6 34.d7 Nb7 35.Bb4 Qd2 36.c4 Qf2+
37.Kh2 Qxf4+ 38.Kg1 Qxc4 39.a3 Qd4 40.Kh2 Qd3 41.Kg1 f4 42.Qe6 e2 43.Kf2 Qg3+
44.Kxe2 Qxg2+ 45.Ke1 Qg1+ 46.Ke2 Qd4 47.Kf3 Nd8 48.Qe8 Qd5+ 49.Kxf4 Ne6+ 50.Ke3
g5 51.Kf2 h5 52.Qxe6 Qxe6 1/2-1/2

[Event "1. liga V 24/25, SM-Chotebor"]
[Site ""]
[Date "2025.01.05"]
[Round "5.3"]
[White "Delgerdalai, Bayarjavkhlan"]
[Black "Hrbek, Jachym"]
[Result "1/2-1/2"]
[WhiteFideId "23727276"]
[BlackFideId "23709138"]
[WhiteElo "2331"]
[BlackElo "2065"]
[PlyCount "0"]
[WhiteTeam "SK Stare Mesto"]
[BlackTeam "TJ CHS Chotebor"]
[EventDate "2024.10.20"]

1. Nf3 Nf6 2. c4 g6 3. Nc3 Bg7 4. e4 d6 5. d4 O-O 6. h3 e5 7. d5 a5 8. Be3
Na6 9. Nd2 Nc5 10. g4 c6 11. Qc2 Ne8 12. O-O-O Nc7 13. Bxc5 dxc5 14. Nb3
cxd5 15. cxd5 b6 16. Nd2 Ne8 17. Nc4 Ba6 18. Na3 Bxf1 19. Rhxf1 Nd6 20.
Nab5 f5 21. Nxd6 Qxd6 22. gxf5 gxf5 23. Rg1 Kh8 24. Kb1 Bh6 25. Rg2 Qd7 26.
exf5 Rxf5 27. Ne4 Rf4 28. Rg4 Rxg4 29. Nf6 Qf7 30. Nxg4 Bf4 31. f3 Rd8 32.
Qe4 Qg6 33. Qxg6 hxg6 34. Nf6 Kg7 35. Ne4 Be3 36. d6 Bd4 37. Rf1 Kf7 38. f4
Ke6 39. Ng5+ Kd5 40. fxe5 Bxe5 41. Nf7 Rd7 42. Nxe5 Kxe5 43. Re1+ Kd5 44.
Rd1+ Kc6 45. h4 Rxd6 46. Rg1 b5 47. Rg5 b4 48. h5 gxh5 49. Rxh5 Kb5 50. b3
Rc6 51. Rh8 Rg6 52. Ra8 Ra6 53. Rb8+ Kc6 54. a3 Kd5 55. axb4 axb4 56. Rh8
Re6 57. Rh2 Kd4 58. Rc2 Re4 59. Kb2 Kd5 60. Rd2+ Rd4 61. Rc2 c4 62. bxc4+
Rxc4 63. Rxc4 Kxc4 64. Kc2 b3+ 65. Kb2 Kb4 66. Kb1 Kc3 67. Kc1 b2+ 68. Kb1
Kb3 1/2-1/2

[Event "1. liga V 24/25, SM-Chotebor"]
[Site ""]
[Date "2025.01.05"]
[Round "5.4"]
[White "Ondracek, Ondrej"]
[Black "Hajek, Oskar"]
[Result "0-1"]
[WhiteFideId "325708"]
[BlackFideId "374512"]
[WhiteElo "2105"]
[BlackElo "2247"]
[PlyCount "0"]
[WhiteTeam "TJ CHS Chotebor"]
[BlackTeam "SK Stare Mesto"]
[EventDate "2024.10.20"]

1. e4 e5 2. Nf3 Nc6 3. Bc4 Nf6 4. d3 h6 5. c3 g5 6. h4 g4 7. Nh2 Rg8 8. g3 d5 
9. exd5 Nxd5 10. O-O Be6 11. Re1 Qd7 12. d4 exd4 13. cxd4 O-O-O 14. Bb5 a6 
15. Ba4 Nb6 16. Bxc6 Qxc6 17. Nc3 Bg7 18. Be3 Nc4 19. Qc2 Bxd4 20. Bxd4 Rxd4 
21. Nf1 Rgd8 22. Ne2 R4d6 23. Nf4 Nd2 24. Qxc6 Rxc6 25. Nh2 Nf3+ 26. Nxf3 gxf3 
27. Nxe6 Rxe6 28. Rxe6 fxe6 29. Re1 Kd7 30. Rd1+ Ke7 31. Rxd8 Kxd8 32. g4 c5 
33. Kh2 b5 34. Kg3 c4 35. Kxf3 b4 36. Ke3 e5 37. f4 exf4+ 38. Kxf4 a5 39. Ke4 
a4 40. Kd4 c3 41. Kd3 cxb2 42. Kc2 a3 43. Kb1 Ke7 44. g5 hxg5 45. hxg5 Kf8 
46. g6 Kg8 47. Kc2 Kg7 48. Kb1 Kxg6 49. Kc2 Kf5 50. Kb1 Ke4 51. Kc2 Kd4 52. Kb1 
Kc4 53. Kc2 b3+ 54. axb3+ Kb4 55. Kb1 Kc3 0-1

[Event "1. liga V 24/25, SM-Chotebor"]
[Site ""]
[Date "2025.01.05"]
[Round "5.5"]
[White "Babula, Matej"]
[Black "Tuma, Jiri"]
[Result "0-1"]
[WhiteFideId "398322"]
[BlackFideId "318337"]
[WhiteElo "2094"]
[BlackElo "2264"]
[PlyCount "0"]
[WhiteTeam "SK Stare Mesto"]
[BlackTeam "TJ CHS Chotebor"]
[EventDate "2024.10.20"]

1.e4 c5 2.Nf3 Nc6 3.d4 cxd4 4.Nxd4 Nf6 5.Nc3 e5 6.Ndb5 d6 7.Bg5 a6 8.Na3 
b5 9.Nab1 Be7 10.Bxf6 Bxf6 11.a4 b4 12.Nd5 O-O 13.Bc4 Bg5 14.O-O Rb8 15.
Qd3 a5 16.b3 Kh8 17.c3 f5 18.f3 Be6 19.Nd2 bxc3 20.Nxc3 Bxc4 21.bxc4 Qb6+ 
22.Kh1 Qd4 23.Qxd4 exd4 24.Ncb1 Rxb1 25.Nxb1 fxe4 26.f4 Rxf4 27.Nd2 e3 28.
Nf3 Bf6 29.Rab1 h6 30.g3 Rf5 31.Kg2 Rc5 32.Rfc1 d3 33.Rb3 Nb4 34.Kf1 Kh7 
35.Ne1 Rf5+ 36.Kg1 d2 37.Rd1 Bd4 38.Kg2 Rf2+ 39.Kh3 Rf1 40.Rbb1 Rxe1 41.
Rxe1 Nd3 42.Re2 Nc1 0-1

[Event "1. liga V 24/25, SM-Chotebor"]
[Site ""]
[Date "2025.01.05"]
[Round "5.6"]
[White "Vala, Filip"]
[Black "Mrkus, Frantisek"]
[Result "0-1"]
[WhiteFideId "325490"]
[BlackFideId "345334"]
[WhiteElo "2125"]
[BlackElo "2107"]
[PlyCount "0"]
[WhiteTeam "TJ CHS Chotebor"]
[BlackTeam "SK Stare Mesto"]
[EventDate "2024.10.20"]

1. d4 d5 2. Nf3 Nf6 3. c4 c6 4. Nc3 e6 5. cxd5 exd5 6. Bg5 Be7 7. Qc2 O-O 8.
e3 Ne4 9. Bf4 f5 10. Bd3 b5 11. O-O Nd7 12. Ne5 Nxe5 13. Bxe5 Qd7 14. f3 Nd6
15. g4 g6 16. Rae1 fxg4 17. Bxg6 Bh4 18. fxg4 Qxg4+ 19. Kh1 Rxf1+ 20. Rxf1
hxg6 21. Rf4 Qg5 22. Bxd6 Bf5 23. e4 Re8 24. Qb3 b4 25. Nxd5 cxd5 26. Qxd5+
Re6 27. Qa8+ Qd8 28. Qxd8+ Bxd8 29. e5 Bg5 0-1

[Event "1. liga V 24/25, SM-Chotebor"]
[Site ""]
[Date "2025.01.05"]
[Round "5.7"]
[White "Vrana, Frantisek"]
[Black "Sukdolak, Radek"]
[Result "1-0"]
[WhiteFideId "302066"]
[BlackFideId "361283"]
[WhiteElo "2111"]
[BlackElo "1999"]
[PlyCount "0"]
[WhiteTeam "SK Stare Mesto"]
[BlackTeam "TJ CHS Chotebor"]
[EventDate "2024.10.20"]

1. e4 c5 2. Nf3 Nc6 3. Nc3 a6 4. a4 d6 5. g3 Nf6 6. Bg2 g6 7. d4 cxd4 8.
Nxd4 Bg7 9. Nde2 O-O 10. O-O Bd7 11. Nd5 b5 12. Bg5 Nxd5 13. exd5 Ne5 14.
axb5 Bxb5 15. Ra2 h6 16. Bc1 Qc8 17. b3 a5 18. h3 a4 19. f4 Nd7 20. c4 Ba6
21. Rxa4 Rb8 22. Kh2 Nc5 23. Ra3 Qc7 24. Rf3 Kh7 25. Nd4 Ra8 26. Re3 Rfe8
27. h4 Qb6 28. h5 Bf6 29. hxg6+ fxg6 30. Nc6 Bb7 31. b4 Nd7 32. Na5 Ba6 33.
Bd2 Rac8 34. Qe2 Bb7 35. Bh3 Rc7 36. Re6 Qa7 37. Nxb7 Qxb7 38. Rxd6 Rd8 39.
Re6 Nb6 40. d6 Rxd6 41. c5 Rxe6 42. Qxe6 Qd5 43. Qxd5 Nxd5 44. Be6 Nxb4 45.
Bxb4 Bd4 46. Ra5 Rb7 47. c6 Rc7 48. Ra6 Kg7 49. Ba5 1-0

[Event "1. liga V 24/25, SM-Chotebor"]
[Site ""]
[Date "2025.01.05"]
[Round "5.8"]
[White "Krejcik, Tomas"]
[Black "Horsak, Jan"]
[Result "1/2-1/2"]
[WhiteFideId "346888"]
[BlackFideId "327573"]
[WhiteElo "1928"]
[BlackElo "2025"]
[PlyCount "0"]
[WhiteTeam "TJ CHS Chotebor"]
[BlackTeam "SK Stare Mesto"]
[EventDate "2024.10.20"]

1. d4 Nf6 2. c4 g6 3. Nc3 Bg7 4. e4 d6 5. Bg5 c5 6. d5 h6 7. Bh4 g5 8. Bg3
Qa5 9. Qd2 Nh5 10. Bd3 Nd7 11. Nge2 Ne5 12. O-O Bd7 13. a3 a6 ... 14. b4
cxb4 15. axb4 Qxb4 16. Bxe5 Bxe5 17. Rfb1 Qc5 18. Rxb7 Nf6 19. Rab1 O-O 20.
h3 a5 21. Nb5 a4 22. Nc7 Ra7 23. Nc3 Bd4 24. Rxa7 Qxa7 25. N3b5 Qb6 26.
Nxd4 Qxd4 27. Qe3 Qc3 28. Rc1 Qa5 29. Nb5 a3 30. e5 dxe5 31. Nxa3 e4 32.
Be2 Qc7 33. c5 Qe5 34. c6 Nxd5 35. Nc4 Qe6 36. Qd2 Bxc6 37. Na5 Ba8 38. Bc4
e3 39. fxe3 Qxe3+ 40. Qxe3 Nxe3 41. Re1 Nxg2 42. Rxe7 Nf4 43. h4 Kg7 44.
hxg5 hxg5 45. Ra7 Be4 46. Kf2 Kg6 47. Nb3 Bd5 48. Bxd5 Nxd5 49. Nd4 Nf4 50.
Kf3 Rb8 51. Ra6+ f6 52. Kg4 Rd8 53. Nf5 Rd7 54. Ra8 Ne6 55. Rh8 Ng7 56.
Rh6+ Kf7 57. Rh7 Kg8 58. Rh6 Nxf5 59. Rxf6 Ng3 60. Rg6+ 1/2-1/2

[Event "1. liga V 24/25, Duras-Hostalkova"]
[Site ""]
[Date "2025.01.05"]
[Round "5.1"]
[White "Dragnev, Valentin"]
[Black "Warakomski, Tomasz"]
[Result "1/2-1/2"]
[WhiteFideId "1634852"]
[BlackFideId "1124552"]
[WhiteElo "2563"]
[BlackElo "2543"]
[PlyCount "0"]
[WhiteTeam "Duras Charlie's Street Brno"]
[BlackTeam "Sachy Hostalkova"]
[EventDate "2024.10.20"]

1. e4 c5 2. Nf3 d6 3. Nc3 Nf6 4. d4 cxd4 5. Qxd4 Nc6 6. Qd3 Bd7 7. Be2 Rc8 8.
O-O Nb4 9. Qd2 a6 10. Rd1 Qa5 11. a3 e5 12. Rb1 Nc6 13. b4 Qd8 14. b5 axb5 15.
Nxb5 Nxe4 16. Qe3 f5 17. Ng5 Nxg5 18. Qxg5 Qxg5 19. Bxg5 Nd8 20. Bxd8 Kxd8 21.
Nxd6 Bxd6 22. Rxd6 Kc7 23. Rd5 Rhe8 24. Bb5 Bc6 25. Bxc6 bxc6 26. Rc5 Ra8
1/2-1/2

[Event "1. liga V 24/25, Duras-Hostalkova"]
[Site ""]
[Date "2025.01.05"]
[Round "5.2"]
[White "Baidetskyi, Valentin"]
[Black "Shengelia, David"]
[Result "1/2-1/2"]
[WhiteFideId "14142317"]
[BlackFideId "13601270"]
[WhiteElo "2521"]
[BlackElo "2456"]
[PlyCount "0"]
[WhiteTeam "Sachy Hostalkova"]
[BlackTeam "Duras Charlie's Street Brno"]
[EventDate "2024.10.20"]

1. e4 c5 2. Be2 Nc6 3. f4 g6 4. Nf3 Bg7 5. O-O d6 6. c3 Nf6 7. d3 O-O 8. Kh1 c4
9. Be3 cxd3 10. Bxd3 b6 11. Nbd2 Bb7 12. Qe2 Qc7 13. Ba6 Bxa6 14. Qxa6 Rac8 15.
a4 Na5 16. Bd4 Nc6 17. Be3 Na5 18. Bd4 Nc6 19. Be3 Na5 1/2-1/2

[Event "1. liga V 24/25, Duras-Hostalkova"]
[Site ""]
[Date "2025.01.05"]
[Round "5.3"]
[White "Blahynka, Martin"]
[Black "Balint, Peter"]
[Result "0-1"]
[WhiteFideId "334766"]
[BlackFideId "1660713"]
[WhiteElo "2382"]
[BlackElo "2394"]
[PlyCount "0"]
[WhiteTeam "Duras Charlie's Street Brno"]
[BlackTeam "Sachy Hostalkova"]
[EventDate "2024.10.20"]

1. e4 c5 2. Nf3 e6 3. b3 a6 4. Bb2 Nc6 5. g3 Nf6 6. e5 Ng4 7. Bg2 Qc7 8. Qe2 f6
9. O-O Be7 10. Nh4 Ngxe5 11. f4 Nf7 12. Nc3 Nd4 13. Qg4 O-O 14. Nd5 exd5 15.
Bxd4 Nh6 16. Bxd5+ Kh8 17. Qe2 Qd6 18. Bc3 Qxd5 19. Qxe7 Kg8 20. Rf3 Qc6 21. d4
b6 22. Rd1 d5 23. Re1 Nf5 24. Nxf5 Bxf5 25. Qe3 Rfe8 26. Qf2 Be4 27. Rfe3 Rac8
28. Qd2 Qe6 29. Bb2 c4 30. R1e2 Rc7 31. b4 Qf5 32. Ra3 Qg4 33. Ree3 Qc8 34. Qe2
Rce7 35. Kf2 Bd3 36. Rxe7 Bxe2 37. Rxe2 Rxe2+ 38. Kxe2 Qh3 39. Rxa6 Qxh2+ 40.
Kd1 Qg1+ 41. Ke2 Qg2+ 42. Kd1 Qf1+ 0-1